Republic of Lithuania : Selected Issues.

This Selected Issues paper looks at short-term inflation dynamics in the new member states (NMS) of the European Union, focusing on the role of monetary policy regimes. It models the determinants of inflation in the NMS and assesses how different theoretical frameworks best fit the data. The paper i...

Ամբողջական նկարագրություն

Մատենագիտական մանրամասներ
Համատեղ հեղինակ: International Monetary Fund
Ձևաչափ: Ամսագիր
Լեզու:English
Հրապարակվել է: Washington, D.C. : International Monetary Fund, 2005.
Շարք:IMF Staff Country Reports; Country Report ; No. 2005/122
Առցանց հասանելիություն:Full text available on IMF
LEADER 01590cas a2200241 a 4500
001 AALejournalIMF003539
008 230101c9999 xx r poo 0 0eng d
020 |c 5.00 USD 
020 |z 9781451824100 
022 |a 1934-7685 
040 |a BD-DhAAL  |c BD-DhAAL 
110 2 |a International Monetary Fund. 
245 1 0 |a Republic of Lithuania :   |b Selected Issues. 
264 1 |a Washington, D.C. :  |b International Monetary Fund,  |c 2005. 
300 |a 1 online resource (33 pages) 
490 1 |a IMF Staff Country Reports 
500 |a <strong>Off-Campus Access:</strong> No User ID or Password Required 
500 |a <strong>On-Campus Access:</strong> No User ID or Password Required 
506 |a Electronic access restricted to authorized BRAC University faculty, staff and students 
520 3 |a This Selected Issues paper looks at short-term inflation dynamics in the new member states (NMS) of the European Union, focusing on the role of monetary policy regimes. It models the determinants of inflation in the NMS and assesses how different theoretical frameworks best fit the data. The paper investigates the macroeconomic performance of currency boards within the group of NMS, evaluates their role in reducing inflation, and identifies some of their distinctive characteristics. The paper also examines the current account sustainability for Lithuania. 
538 |a Mode of access: Internet 
830 0 |a IMF Staff Country Reports; Country Report ;  |v No. 2005/122 
856 4 0 |z Full text available on IMF  |u http://elibrary.imf.org/view/journals/002/2005/122/002.2005.issue-122-en.xml  |z IMF e-Library